Polski alfabet od najpopularniejszej litery - Statystyki

Ogólne statystyki
  • Ten quiz został rozwiązany 100 razy
  • Średni wynik to 18 z 32
Statystyki odpowiedzi
Częstotliwość Litera % Poprawnych
8.83 % I
100%
8.68 % E
98%
8.37 % A
96%
7.53 % O
96%
5.69 % N
93%
5.33 % Z
83%
4.15 % R
78%
4.13 % S
77%
4.11 % W
72%
4.03 % Y
65%
3.89 % C
64%
3.85 % T
63%
3.35 % D
58%
3.01 % K
58%
2.87 % P
54%
0.08 % Ź
48%
2.81 % M
46%
2.38 % Ł
44%
2.24 % L
42%
1.93 % B
41%
2.28 % J
41%
1.25 % H
40%
2.06 % U
38%
1.46 % G
37%
0.79 % Ą
36%
1.13 % Ę
35%
0.60 % Ć
33%
0.26 % F
33%
0.16 % Ń
33%
0.93 % Ż
33%
0.79 % Ó
32%
0.72 % Ś
32%
Nie znaleziono quizów pasujących do podanych kryteriów
Rozkład punktacji
Procent ludzi z każdym wynikiem
Percentyl według liczby udzielonych odpowiedzi
Twoja historia wyników
Nie rozwiązałeś tego quizu